STN EN 1786 Poživatiny detekcia oziarených potravín obsahujúcich kostí : metóda EPR spektroskopie

Podrobná bibliografia
Médium: Kniha
Jazyk:neznámy jazyk
Vydavateľské údaje: Bratislava Slovenský ústav technickej normalizácie 2001
Predmet:

MARC

LEADER 00000nam a2200000 a 4500
001 vtls001478972
003 SK-MaSNL
005 20260302073613.0
008 130607s2001 xo 0 und
035 |a SNK000434270 
040 |a SNK  |b slo  |c SNK  |e AACR2 
044 |a xo  |c SK 
245 1 |a STN EN 1786 Poživatiny  |b detekcia oziarených potravín obsahujúcich kostí : metóda EPR spektroskopie 
260 |a Bratislava  |b Slovenský ústav technickej normalizácie  |c 2001 
500 |a táto národná norma je identická s EN 1786: 1996 
655 7 |a normy  |2 SNK  |9 70643 
999 |c 1161571  |d 1163501 
952 |t P60, <03>, [BOOK], {603}  |a SNK  |b SNK  |y PREZ  |7 0  |p 17A0437701  |o snkSTN EN 1786  |i snkN 2961/2004  |0 0  |1 0  |4 0  |d 2004-07-21  |l 0  |r 2005-01-02 00:00:00  |w 2026-02-24 
952 |t P66, <07>, [BOOK], {667}  |a SNK  |b SNK  |y PREZ  |7 0  |p 17A0437702  |o snkSTN EN 1786 D1  |i snkN 2962/2004  |0 0  |1 0  |4 0  |d 2004-07-21  |l 0  |r 2005-01-02 00:00:00  |w 2026-02-24